Регионална библиотека "Любен Каравелов" - Русе

[Триста тридесет и един] 331 съвета за овощаря (Запис номер 9966)

MARC детайли
000 -Лидер
Контролно поле с фиксирана дължина nam a22 a 4500
003 - Код на организацията, давaща контролен номер
Контролно поле BLK
005 - Дата и час на последна редакция
Контролно поле 20230331101645.0
008 - Елементи от данни с фиксирана дължина
fixed length control field 180412b bul|||||r ||||||| ||bul||
010 ## - Наследен системен номер
LC control number KNG00011411000
020 ## - Международен стандартен номер на книга ISBN
Международен стандартен номер на книга ISBN 954-05-0117-2
040 ## - Източник на каталожния запис
Идентификатор на билиотеката - собственик на записа BLK
041 ## - Код за език
Код за езика на текст/звукозапис или на отделно заглавие Български
Код за езика КДБФ Български
080 ## - УДК
Текстов определител УДК Овощарство в цялост
УДК код - определител по УДК 634.1
УДК определител (035)
УДК - код + определител 634.1(035)
100 1# - Редна дума - Автор
Автор Виденов, Боян Миланов
Авторска отговорност първи автор
R(LIN) 255022
139 ## - Редно поле
Редна дума Виденов, Боян Миланов и др.
Авторски знак Вид - В 57
245 10 - Сведения за заглавието
Заглавие [Триста тридесет и един] 331 съвета за овощаря
Редно поле (дума) Боян Миланов Виденов; съавт. Георги Т. Ковачев; съавт. Стойне Л. Манов.
257 ## - Страна на издаване
Страна на създаване/издаване България
260 ## - Област на издателските данни
Място на издаване, разпространение и проч. София
Име на издателя, разпространителя и проч. Земиздат
Година на издаване 1992
Печатница Пловдив : Полиграфия
Издателство - префикс ISBN 954-05-0117-2
300 ## - Физическа характеристика
Страници 255 с.
Илюстрации и др. с ил., табл.
Размери/Мащаб 20 см
380 ## - Жанр
Жанр Селско стопанство
650 #4 - Допълнително описание по предмет – тема
Основно описание – тема или топоним Овощарство - наръчници и ръководства
9 (RLIN) 242002
653 ## - Ключова дума – ненормативна
Ключова дума овощарство
700 1# - Други автори (авторска отговорност)
Лично име Ковачев, Георги Т.
Автороска отговорност (Описва отношението между автора и произведението) съавт.
9 (RLIN) 255023
700 1# - Други автори (авторска отговорност)
Лично име Манов, Стойне Лазаров
9 (RLIN) 255024
852 ## - Местоположение
Форматна сигнатура Цб 171758
Фондова буква Хранилище
856 4# - Електронен адрес и достъп
Електронен формат pdf - файл
Път до файла /url/
Инструкция (цена за достъп) 0.00
Права за достъп disable
856 4# - Електронен адрес и достъп
Електронен формат pdf - файл
Път до файла /url/
Инструкция (цена за достъп) 0.00
Права за достъп disable
999 ## - СИСТЕМНИ КОНТРОЛНИ НОМЕРА
Koha biblionumber 9966
Koha biblioitemnumber 9966
942 ## - АРТИКУЛИ
Вид на библиотечния материал Книги
Скрит в OPAC Не
Периодичен библиозапис Да
944 ## - СЪЗДАВАНЕ И РЕДАКЦИЯ на ЗАПИСА
Създаване/Редакция Създаване
Дата на регистрацията/редакция 15.01.2003
Служител, извършил регистрацията/редакцията Теодора_Стоянова
944 ## - СЪЗДАВАНЕ И РЕДАКЦИЯ на ЗАПИСА
Създаване/Редакция Редакция
Дата на регистрацията/редакция 28.12.2016
Служител, извършил регистрацията/редакцията Ивелин_Попов
999 ## - СИСТЕМНИ КОНТРОЛНИ НОМЕРА
Koha biblioitemnumber 9966
Наличности
Код за отписване Код за изгубен артикул Източник на класификационната схема Код за повреда Коз за рестрикции Код за отдаване Артикулен № Име на библиотеката - собственик Име на библиотеката, в която се намира в момента Статус (Текущо местоположение) Дата на вписване в системата Местоположение - отдел Цена в лева Инвентарен номер Систематично азбучна сигнатура Баркод Номер на екземпляра Цена в евро Служебна бележка Служебен тип на артикула
  Не е изгубен Universal Decimal Classification Не е повреден без рестрикции ползва се в читалня 17296 Регионална библиотека "Любен Каравелов" Русе Регионална библиотека "Любен Каравелов" Русе Хранилище 1992-01-01 Хранилище 0.51 577760 Цб 171758 120000577760 1 0.26 N: стар фонд Дата: 01.01.1992 Книги
Изтеглен Не е изгубен Universal Decimal Classification Не е повреден без рестрикции заемане за дома 17297 Регионална библиотека "Любен Каравелов" Русе Регионална библиотека "Любен Каравелов" Русе Заемна - подръчен фонд 1992-01-01 Заемна - подръчен фонд 1.02 577852 П 634.1/ В 57 577852 2 0.52 N: стар фонд Дата: 01.01.1992 Книги
Vip Innovations Ltd, Rousse, Bulgaria 2025